000 00285nam a22001217a 4500
008 180426b xxu||||| |||| 00| 0 eng d
041 _aeng
080 _a043.3
100 _a0
101 _aSHKI-BTH
245 _aRevolucioni i Intelegjencës Artificiale
_cBerani,F
942 _2udc
_cBK
999 _c45575
_d45575